Statistics for Countries with diplomatic relations with Taiwan

Click here to take the quiz!

General Stats

  • This quiz has been taken 239 times
  • The average score is 13 of 22

Answer Stats

Hint Answer % Correct
Central AmericaHonduras
86%
Central AmericaPanama
85%
Central AmericaNicaragua
83%
Central AmericaEl Salvador
80%
Central AmericaBelize
78%
Central AmericaGuatemala
77%
OceaniaPalau
74%
OceaniaNauru
73%
OceaniaTuvalu
72%
South AmericaParaguay
70%
OceaniaMarshall Islands
66%
Central AmericaHaiti
66%
OceaniaKiribati
63%
CaribbeanSt. Kitts and Nevis
59%
OceaniaSolomon Islands
59%
CaribbeanSt. Vincent and the Grenandines
57%
CaribbeanSt. Lucia
56%
EuropeVatican
42%
AfricaSwaziland
29%
AfricaBurkina Faso
21%
AfricaGambia
19%
AfricaSao Tome and Principe
5%

Score Distribution

Percentile by Number Answered

Percent of People with Each Score

Your Score History

You have not taken this quiz